GMPLS: [electronic resource] : architecture and applications (Record no. 8268)
[ view plain ]
| 000 -LEADER | |
|---|---|
| fixed length control field | 00885 a2200229 4500 |
| 040 ## - CATALOGING SOURCE | |
| Original cataloging agency | DLC |
| Language of cataloging | DLC |
| 082 04 - DEWEY DECIMAL CLASSIFICATION NUMBER | |
| Classification number | 621.382/16 |
| 100 1# - MAIN ENTRY--PERSONAL NAME | |
| Personal name | Farrel, Adrian. |
| 245 10 - TITLE STATEMENT | |
| Title | GMPLS: [electronic resource] : architecture and applications |
| Medium | [electronic resource] : |
| Remainder of title | architecture and applications |
| Statement of responsibility, etc. | Adrian Farrel, Igor Bryskin. |
| 256 ## - COMPUTER FILE CHARACTERISTICS | |
| Computer file characteristics | Computer document. |
| 260 ## - PUBLICATION, DISTRIBUTION, ETC. | |
| Place of publication, distribution, etc. | San Francisco, Calif. : |
| Name of publisher, distributor, etc. | Morgan Kaufmann/Elsevier, |
| Date of publication, distribution, etc. | c2006 |
| 500 ## - GENERAL NOTE | |
| General note | Title from title screen. |
| 538 ## - SYSTEM DETAILS NOTE | |
| System details note | Mode of access: Internet via World Wide Web. |
| 650 #0 - SUBJECT ADDED ENTRY--TOPICAL TERM | |
| Topical term or geographic name entry element | Telecommunication |
| General subdivision | Traffic |
| -- | Management. |
| 650 #0 - SUBJECT ADDED ENTRY--TOPICAL TERM | |
| Topical term or geographic name entry element | Computer networks |
| General subdivision | Management. |
| 650 #0 - SUBJECT ADDED ENTRY--TOPICAL TERM | |
| Topical term or geographic name entry element | Internet. |
| 655 #7 - INDEX TERM--GENRE/FORM | |
| Genre/form data or focus term | Electronic books. |
| 700 1# - ADDED ENTRY--PERSONAL NAME | |
| Personal name | Bryskin, Igor. |
| Relator code | aut |
| 710 2# - ADDED ENTRY--CORPORATE NAME | |
| Corporate name or jurisdiction name as entry element | Books24x7, Inc. |
| 856 40 - ELECTRONIC LOCATION AND ACCESS | |
| Uniform Resource Identifier | <a href="http://www.indiana.edu/~sirsi/proxy.cgi?http://www.books24x7.com/marc.asp?bookid=17831">http://www.indiana.edu/~sirsi/proxy.cgi?http://www.books24x7.com/marc.asp?bookid=17831</a> |
| 942 ## - ADDED ENTRY ELEMENTS (KOHA) | |
| Koha item type | Book |
| Call number prefix | 621.38216 FAR |
| Source of classification or shelving scheme | |
| Withdrawn status | Lost status | Damaged status | Not for loan | Collection code | Permanent Location | Current Location | Shelving location | Date acquired | Source of acquisition | Cost, normal purchase price | Total Checkouts | Full call number | Barcode | Date last seen | Price effective from | Koha item type |
|---|---|---|---|---|---|---|---|---|---|---|---|---|---|---|---|---|
| Central Library (CL) | Central Library (CL) | General Stacks | 03/30/2006 | A&J DEF Tek Consultant | 3260.00 | 621.38216 FAR | SEECS007185 | 11/14/2012 | 01/05/2017 | Book |
